00784nam a2200241Ia 45000010006000000050017000060070003000230080041000260400025000670410008000920820021001001000027001212450080001482500014002282600049002423000027002916530026003186530014003447000025003589420012003839520130003959990017005253345120240114001648.0ta061221s356 a g b000 u 346 u aCotton College Assam a346 a891.443bC 349 B aChakravorty, Niranjan. 0aBhut O Adbhut /cSivram Chakravorty & Soila Chakravorty.hTextual Documents a1st ed. / aCalcutta :bReaders Corner ,c1356 Bangabda. a128p. :bill ;c22cm . aBengali Short Stories aG-Bengali aChakravorty, Soila . 2ddccBK 001040708Circulation (G)aSKBLbSKBLd2012-02-01f00000l0o891.443 C 349 Bp30769r2024-01-14 00:00:00t1w2012-02-01yBK c33433d33433